00413nam a2200133Ia 4500008004100000041001200041082002100053100004400074245006100118250001200179260003000191300001300221650004500234231221s9999 xx 000 0 und d aEnglish a342.06 PUL;1 R aPuliani, Sathpal ed. Puliani, Vinayak. 0aKarnataka civil services rules : along with allied rules a3rd ed. bKLJ PublishersaBangalore axvi, 636 aKarnataka,civil,rules,along,allied,rules